000 00454nam a2200181Ia 4500
001 4995
005 20260306145835.0
008 260306t2009||||xx |||||||||||||| ||spa||
041 _aESP
082 _a332.6
_bC75
100 _aCollazos Cerrón, Jesúd [1944-...]
_eAUT
245 0 _aManual de evaluación ambiental de proyectos
260 _c2009
300 _a634 páginas :
_c24 cm.
650 _aGEN
654 _aCAN
942 _cLIB
_dJUS
_fJUS
_2ddc
_n
999 _c4995
_d4995